000 005450000a22002170004500
003 LK-CoMWRAF
005 20231013150352.0
008 230817t ||||| |||| 00| 0 eng d
020 _a0719551439
040 _aLK-CoMWRAF
_dLK-CoMWRAF
_eLK-CoMWRAF
041 _aeng
082 _a297.63
_bSAY
110 _aGandhi, Mahatma
245 _aThe Sayings of Muhammad
260 _aNew Delhi :
_bGoodword,
_c2004
300 _a128p
650 _aIslam
650 _aThe sayings of Muhammad
700 _aSuhrawardy, Abdullah
_ecomp.
942 _cBK
999 _c883
_d883